Central Library OPAC University of Rajshahi

تفسير القرآن العظيم Tafsīr al-Qurʼān al-ʻAẓīm / (Record no. 77853)

MARC details
000 -LEADER
fixed length control field 01122cam a22002534a 4500
001 - CONTROL NUMBER
control field 77853
003 - CONTROL NUMBER IDENTIFIER
rucl marc code BD-RjUL
005 - DATE AND TIME OF LATEST TRANSACTION
control field 20221213152051.0
008 - FIXED-LENGTH DATA ELEMENTS--GENERAL INFORMATION
fixed length control field 210128s1998 su b 000 0 ara
035 ## - SYSTEM CONTROL NUMBER
System control number (BD-RjUL)78079
040 ## - CATALOGING SOURCE
Original cataloging agency DLC-R
Transcribing agency DLC-R
Modifying agency DLC
Language of cataloging eng
041 ## - LANGUAGE CODE
Language code of text/sound track or separate title ara
082 ## - DEWEY DECIMAL CLASSIFICATION NUMBER
Edition number 23
Classification number 297.1225
Author mark and year IBT 1998
100 1# - MAIN ENTRY--PERSONAL NAME
Personal name Ibn Kathir al-Dimashqi, Imad al-Din Abi al-Fida Ismail
Dates associated with a name approximately 1301-1373.
9 (RLIN) 244049
245 10 - TITLE STATEMENT
Title تفسير القرآن العظيم Tafsīr al-Qurʼān al-ʻAẓīm /
Statement of responsibility, etc. عماد الدين ابي الفداء اسماعيل بن كثير الدمشقيImad al-Din Abi al-Fida Ismail ibn Kathir al-Dimashqi
250 ## - EDITION STATEMENT
Edition statement al-Ṭabʻah 1.
260 ## - PUBLICATION, DISTRIBUTION, ETC. (IMPRINT)
Place of publication, distribution, etc. Jiddah :
Name of publisher, distributor, etc. بدران احياء الكتاب العربية ;
Place of publication, distribution, etc. Bayrūt :
Name of publisher, distributor, etc. Dār Ibn Ḥazm,
Date of publication, distribution, etc. 1998.
300 ## - PHYSICAL DESCRIPTION
Pagination v. ;
Size 28 cm.
504 ## - BIBLIOGRAPHY, ETC. NOTE
Bibliography, etc Includes bibliographical references.
650 ## - SUBJECT ADDED ENTRY--TOPICAL TERM
Topical term or geographic name as entry element Quran
Form subdivision Interpretation & criticism
9 (RLIN) 244050
880 10 - ALTERNATE GRAPHIC REPRESENTATION
a تفسير القرآن العظيم /
c عماد الدين ابي الفداء اسماعيل بن كثير الدمشقي
942 ## - ADDED ENTRY ELEMENTS (KOHA)
Source of classification or shelving scheme Dewey Decimal Classification
Koha item type Books
Holdings
Lost status Source of classification or shelving scheme Damaged status Not for loan Collection code Permanent Location Current Location Shelving location Date acquired Total Checkouts Full call number Date last seen Copy number Koha item type Source of acquisition
  Dewey Decimal Classification   Not For Loan Non-fiction Central Library, University of Rajshahi Central Library, University of Rajshahi Reading Room 28/01/2021   A 297.1225 IBT V-2 1998 28/01/2021 C-1 Books  
  Dewey Decimal Classification     Non-fiction Central Library, University of Rajshahi Central Library, University of Rajshahi   28/01/2021   A 297.1225 IBT V-2 1998 28/01/2021 C-2 Books  
  Dewey Decimal Classification   Not For Loan Non-fiction Central Library, University of Rajshahi Central Library, University of Rajshahi Reading Room 28/01/2021   A 297.1225 IBT V-3 1998 28/01/2021 C-1 Books  
  Dewey Decimal Classification   Not For Loan Non-fiction Central Library, University of Rajshahi Central Library, University of Rajshahi Reading Room 18/03/2021   A 297.1225 IBT V.4 1998 18/03/2021 C-1 Books  
  Dewey Decimal Classification     Non-fiction Central Library, University of Rajshahi Central Library, University of Rajshahi General Stacks 13/12/2022   A 297.1225 IBT V-3 1998 13/12/2022 C-2 Books  
  Dewey Decimal Classification   Not For Loan Non-fiction Central Library, University of Rajshahi Central Library, University of Rajshahi Reading Room 19/12/2022   A 297.1225 IBT V-1 1998 19/12/2022 C-1 Books Urdu Library, Rajshahi